[Event "2. AUT Bundesliga 2020-21"]
[Site "Graz"]
[Date "2021.04.10"]
[Round "4.4"]
[White "Heindl, Matthias"]
[Black "Guetz, Wolfgang"]
[Result "1-0"]
[WhiteElo "2200"]
[BlackElo "2061"]
[Annotator "NA"]
[PlyCount "119"]
[EventDate "2021.01.17"]
[EventType "team-tourn"]
[EventCountry "AUT"]
[SourceTitle "playchess.com"]
[Source "ChessBase"]
[SourceQuality "1"]
[TimeControl "40/5400+30:1800+30"]

1. c4 {[%emt 0:00:00]} e5 {[%emt 0:00:00]} 2. g3 {[%emt 0:00:00]} Nf6 {[%emt 0:00:00]} 3. Bg2 {[%emt 0:00:00]} d5 {[%emt 0:01:26]} 4. cxd5 {[%emt 0:00:00]} Nxd5 {[%emt 0:00:06]} 5. Nc3 {[%emt 0:00:00]} Nb6 {[%emt 0:00:27]} 6. d3 {[%emt 0:00:13]} Nc6 {[%emt 0:01:18]} 7. Be3 {[%emt 0:07:56]} Be7 {[%emt 0:04:42]} 8. Bxc6+ {[%emt 0:10:03]} bxc6 {[%emt 0:00:10]} 9. Nf3 {[%emt 0:00:03]} Qd6 {[%emt 0:08:57]} 10. O-O {[%emt 0:05:45]} O-O {[%emt 0:03:33]} 11. Rc1 {[%emt 0:11:31]} f5 {[%emt 0:11:58]} 12. Na4 {[%emt 0:11:32]} Nd5 {[%emt 0:11:15]} 13. Bc5 {[%emt 0:03:26]} Qf6 {[%emt 0:04:34]} 14. Bxe7 {[%emt 0:03:32]} Nxe7 {[%emt 0:00:28]} 15. Nc5 {[%emt 0:01:40]} Rb8 {[%emt 0:05:57]} 16. Qc2 {[%emt 0:03:45]} g5 {[%emt 0:05:44]} 17. Qc4+ {[%emt 0:14:24]} Kg7 {[%emt 0:04:03]} 18. Qc3 {[%emt 0:02:45]} Ng6 {[%emt 0:02:42]} 19. b3 {[%emt 0:00:58]} h5 {[%emt 0:06:58]} 20. Qa5 {[%emt 0:03:07]} Rf7 {[%emt 0:08:36]} 21. Qxa7 {[%emt 0:00:22]} Rb6 {[%emt 0:01:33]} 22. Qa8 {[%emt 0:00:18]} Ne7 {[%emt 0:01:59]} 23. a4 {[%emt 0:03:38]} h4 {[%emt 0:01:32]} 24. a5 {[%emt 0:01:06]} Rb4 {[%emt 0:00:36]} 25. a6 {[%emt 0:04:36]} hxg3 {[%emt 0:04:44]} 26. hxg3 {[%emt 0:01:21]} Rf8 {[%emt 0:01:07]} 27. a7 {[%emt 0:04:49]} Rh8 {[%emt 0:05:55]} 28. Kg2 {[%emt 0:00:45]} f4 {[%emt 0:00:06]} 29. g4 {[%emt 0:00:20]} Rf8 {[%emt 0:02:47]} 30. Qb8 {[%emt 0:01:06]} Rxb8 {[%emt 0:00:44]} 31. axb8=Q {[%emt 0:00:10]} Bxg4 {[%emt 0:00:13]} 32. Qxc7 {[%emt 0:00:59]} Bh3+ {[%emt 0:00:49]} 33. Kg1 {[%emt 0:02:43]} Bxf1 {[%emt 0:00:11]} 34. Kxf1 {[%emt 0:00:37]} g4 {[%emt 0:00:17]} 35. Nd7 {[%emt 0:01:28]} Qh6 {[%emt 0:00:58]} 36. Qxe5+ {[%emt 0:00:26]} Kf7 {[%emt 0:00:33]} 37. Ng1 {[%emt 0:02:07]} Rd8 {[%emt 0:00:36]} 38. Nc5 {[%emt 0:00:37]} Rd5 {[%emt 0:00:28]} 39. Qe4 {[%emt 0:00:22]} g3 {[%emt 0:00:26]} 40. Rc4 {[%emt 0:00:00]} Rf5 {[%emt 0:00:00]} 41. Nb7 {[%emt 0:22:33]} Rf6 {[%emt 0:07:05]} 42. Qg2 {[%emt 0:05:15]} Nd5 {[%emt 0:06:32]} 43. Nf3 {[%emt 0:01:20]} gxf2 {[%emt 0:02:30]} 44. Kxf2 {[%emt 0:00:44]} Ne3 {[%emt 0:00:59]} 45. Qg5 {[%emt 0:01:19]} Nxc4 {[%emt 0:04:12]} 46. Qxh6 {[%emt 0:00:06]} Rxh6 {[%emt 0:00:04]} 47. bxc4 {[%emt 0:00:12]} Ke6 {[%emt 0:01:49]} 48. Ke1 {[%emt 0:00:57]} Kf5 {[%emt 0:00:53]} 49. Kd2 {[%emt 0:00:30]} Kg4 {[%emt 0:01:31]} 50. d4 {[%emt 0:01:11]} Kf5 {[%emt 0:00:59]} 51. Kd3 {[%emt 0:00:06]} Rh3 {[%emt 0:06:08]} 52. c5 {[%emt 0:00:13]} Rg3 {[%emt 0:00:51]} 53. Nd6+ {[%emt 0:01:07]} Ke6 {[%emt 0:00:23]} 54. Ne4 {[%emt 0:00:16]} Rg2 {[%emt 0:00:57]} 55. Ne5 {[%emt 0:00:41]} Rh2 {[%emt 0:02:22]} 56. Nc3 {[%emt 0:00:38]} Rh3+ {[%emt 0:00:44]} 57. Kc4 {[%emt 0:00:10]} Re3 {[%emt 0:01:03]} 58. Nxc6 {[%emt 0:00:18]} f3 {[%emt 0:00:23]} 59. exf3 {[%emt 0:00:21]} Rxf3 {[%emt 0:00:05]} 60. d5+ {[%emt 0:00:08]} 1-0

[Event "2. AUT Bundesliga 2020-21"]
[Site "Graz"]
[Date "2021.04.10"]
[Round "4.5"]
[White "Kobas, Mihael"]
[Black "Hafner, Robert"]
[Result "1-0"]
[WhiteElo "2030"]
[BlackElo "2006"]
[Annotator "NA RC"]
[PlyCount "107"]
[EventDate "2021.01.17"]
[EventType "team-tourn"]
[EventCountry "AUT"]
[SourceTitle "playchess.com"]
[Source "ChessBase"]
[SourceQuality "1"]
[TimeControl "40/5400+30:1800+30"]

1. d4 {[%emt 0:00:00]} d5 {[%emt 0:00:00]} 2. c4 {[%emt 0:00:00]} c6 {[%emt 0:00:00]} 3. Nf3 {[%emt 0:00:17]} Nf6 {[%emt 0:00:00]} 4. Qb3 {[%emt 0:01:17]} e6 {[%emt 0:07:09]} 5. g3 {[%emt 0:02:11]} Be7 {[%emt 0:03:03]} 6. Bg2 {[%emt 0:00:14]} O-O {[%emt 0:00:05]} 7. O-O {[%emt 0:00:11]} b6 {[%emt 0:00:22]} 8. Nc3 {[%emt 0:04:36]} Bb7 {[%emt 0:01:47]} 9. Rd1 {[%emt 0:01:25]} Nbd7 {[%emt 0:00:45]} 10. cxd5 {[%emt 0:05:07]} cxd5 {[%emt 0:00:13]} 11. Bf4 {[%emt 0:01:00]} a6 {[%emt 0:02:50]} 12. a4 {[%emt 0:08:22]} Rc8 {[%emt 0:01:25]} 13. Rac1 {[%emt 0:04:05]} Re8 {[%emt 0:03:30]} 14. Rc2 {[%emt 0:09:21]} Bf8 {[%emt 0:00:35]} 15. Rdc1 {[%emt 0:04:26]} Qe7 {[%emt 0:02:09]} 16. Na2 {[%emt 0:03:57]} Rxc2 {[%emt 0:29:25]} 17. Rxc2 {[%emt 0:00:35]} Rc8 {[%emt 0:01:19]} 18. Rxc8 {[%emt 0:03:32]} Bxc8 {[%emt 0:00:04]} 19. Bc7 {[%emt 0:05:08]} Ne4 {[%emt 0:06:23]} 20. Bxb6 {[%emt 0:01:50]} g5 {[%emt 0:02:16]} 21. Ba5 {[%emt 0:02:11]} g4 {[%emt 0:05:02]} 22. Nd2 {[%emt 0:04:43]} f5 {[%emt 0:03:51]} 23. Nxe4 {[%emt 0:03:35]} fxe4 {[%emt 0:00:34]} 24. Bb4 {[%emt 0:01:56]} Qe8 {[%emt 0:10:17]} 25. Bxf8 {[%emt 0:00:35]} Nxf8 {[%emt 0:00:03]} 26. Nc3 {[%emt 0:02:49]} Bd7 {[%emt 0:00:43]} 27. e3 {[%emt 0:06:41]} Bc6 {[%emt 0:03:00]} 28. Bf1 {[%emt 0:01:29]} Qa8 {[%emt 0:00:25]} 29. Qb6 {[%emt 0:03:51]} Bb7 {[%emt 0:00:51]} 30. Qd6 {[%emt 0:02:23]} Bc8 {[%emt 0:01:34]} 31. Qb6 {[%emt 0:04:01]} Ng6 {[%emt 0:03:33]} 32. a5 {[%emt 0:01:32]} Ne7 {[%emt 0:02:19]} 33. Na4 {[%emt 0:06:07]} Kf7 {[%emt 0:07:19]} 34. Nc5 {[%emt 0:00:36]} Qc6 {[%emt 0:00:23]} 35. Bxa6 {[%emt 0:02:44]} Bxa6 {[%emt 0:02:57]} 36. Qxc6 {[%emt 0:04:05]} Nxc6 {[%emt 0:00:10]} 37. Nxa6 {[%emt 0:00:06]} Nxa5 {[%emt 0:00:12]} 38. Kf1 {[%emt 0:01:18]} Ke7 {[%emt 0:00:57]} 39. Ke2 {[%emt 0:00:22]} Nc6 {[%emt 0:01:21]} 40. Kd2 {[%emt 0:00:00]} Kd6 {[%emt 0:00:00]} 41. Kc3 {[%emt 0:04:24]} e5 {[%emt 0:00:50]} 42. b4 {[%emt 0:00:31]} exd4+ {[%emt 0:00:21]} 43. exd4 {[%emt 0:00:09]} Ne7 {[%emt 0:05:04]} 44. b5 {[%emt 0:02:01]} Nf5 {[%emt 0:00:35]} 45. Nb4 {[%emt 0:02:19]} Ne7 {[%emt 0:01:12]} 46. Nc2 {[%emt 0:08:07]} h5 {[%emt 0:12:21]} 47. Ne3 {[%emt 0:00:25]} Nc8 {[%emt 0:03:29]} 48. Kb4 {[%emt 0:03:02]} Nb6 {[%emt 0:01:23]} 49. Ka5 {[%emt 0:05:48]} Kc7 {[%emt 0:00:06]} 50. Ka6 {[%emt 0:01:05]} Nc4 {[%emt 0:01:43]} 51. Nxd5+ {[%emt 0:00:29]} Kb8 {[%emt 0:00:03]} 52. Nf6 {[%emt 0:00:55]} e3 {[%emt 0:00:23]} 53. fxe3 {[%emt 0:00:13]} Nxe3 {[%emt 0:00:06]} 54. b6 {[%emt 0:01:31]} 1-0

[Event "2. AUT Bundesliga 2020-21"]
[Site "Graz"]
[Date "2021.04.10"]
[Round "4.6"]
[White "Bresch, Manfred"]
[Black "Hiebler, Laura"]
[Result "1-0"]
[WhiteElo "2008"]
[BlackElo "2025"]
[Annotator "NA"]
[PlyCount "81"]
[EventDate "2021.01.17"]
[EventType "team-tourn"]
[EventCountry "AUT"]
[SourceTitle "playchess.com"]
[Source "ChessBase"]
[SourceQuality "1"]
[TimeControl "40/5400+30:1800+30"]

1. e4 {[%emt 0:00:00]} e6 {[%emt 0:00:00]} 2. d4 {[%emt 0:00:00]} d5 {[%emt 0:00:00]} 3. exd5 {[%emt 0:00:00]} exd5 {[%emt 0:00:00]} 4. Nf3 Nf6 5. Bd3 {[%emt 0:01:27]} Be7 {[%emt 0:00:48]} 6. O-O {[%emt 0:00:35]} O-O {[%emt 0:00:07]} 7. Bg5 {[%emt 0:01:42]} Nc6 {[%emt 0:02:30]} 8. c3 {[%emt 0:02:25]} Bg4 {[%emt 0:01:48]} 9. Nbd2 {[%emt 0:01:28]} h6 {[%emt 0:02:56]} 10. Bf4 {[%emt 0:04:53]} Bd6 {[%emt 0:12:31]} 11. Bxd6 {[%emt 0:01:22]} Qxd6 {[%emt 0:00:08]} 12. Qc2 {[%emt 0:01:55]} Rae8 {[%emt 0:05:01]} 13. Rae1 {[%emt 0:01:38]} Qf4 {[%emt 0:07:44]} 14. h3 {[%emt 0:09:02]} Bxf3 {[%emt 0:12:58]} 15. Nxf3 {[%emt 0:00:20]} Ne4 {[%emt 0:00:58]} 16. Qb3 {[%emt 0:14:51]} Qd6 {[%emt 0:10:12]} 17. Re2 {[%emt 0:03:47]} b6 {[%emt 0:03:13]} 18. Rfe1 {[%emt 0:01:06]} Nf6 {[%emt 0:10:07]} 19. Ne5 {[%emt 0:03:14]} Na5 {[%emt 0:09:49]} 20. Qa4 {[%emt 0:03:48]} Re6 {[%emt 0:02:30]} 21. b4 {[%emt 0:02:47]} Nc6 {[%emt 0:03:51]} 22. Bf5 {[%emt 0:00:59]} Ne7 {[%emt 0:01:50]} 23. Bxe6 {[%emt 0:00:17]} fxe6 {[%emt 0:00:12]} 24. Qxa7 {[%emt 0:07:46]} Ne4 {[%emt 0:00:37]} 25. Qa3 {[%emt 0:01:08]} Nc6 {[%emt 0:01:38]} 26. f3 {[%emt 0:04:31]} Ng3 {[%emt 0:00:41]} 27. Rf2 {[%emt 0:03:26]} Ne7 {[%emt 0:01:25]} 28. Qa4 {[%emt 0:02:15]} Rd8 {[%emt 0:02:25]} 29. Qc2 {[%emt 0:02:00]} Nef5 {[%emt 0:01:02]} 30. Ng4 {[%emt 0:01:13]} Rf8 {[%emt 0:01:37]} 31. Ne3 {[%emt 0:02:31]} Nh4 {[%emt 0:00:48]} 32. Nf1 {[%emt 0:01:21]} Nh5 {[%emt 0:00:24]} 33. Qd1 {[%emt 0:08:49]} Nf4 {[%emt 0:01:09]} 34. Ne3 {[%emt 0:02:08]} Qe7 {[%emt 0:02:06]} 35. Kh2 {[%emt 0:01:12]} Qg5 {[%emt 0:00:16]} 36. g3 {[%emt 0:01:23]} Nh5 {[%emt 0:00:59]} 37. Nf1 {[%emt 0:01:00]} Nf5 {[%emt 0:01:38]} 38. f4 {[%emt 0:00:17]} Qg6 {[%emt 0:00:07]} 39. g4 {[%emt 0:00:28]} Nh4 {[%emt 0:01:37]} 40. gxh5 {[%emt 0:00:00]} Qf5 {[%emt 0:00:00]} 41. Qg4 {[%emt 0:02:16]} 1-0

[Event "2. AUT Bundesliga 2020-21"]
[Site "Graz"]
[Date "2021.04.10"]
[Round "4.7"]
[White "Enoeckl, Philipp"]
[Black "Eder, Matthias"]
[Result "1/2-1/2"]
[WhiteElo "2290"]
[BlackElo "2170"]
[Annotator "TA"]
[PlyCount "89"]
[EventDate "2021.01.17"]
[EventType "team-tourn"]
[EventCountry "AUT"]
[SourceTitle "playchess.com"]
[Source "ChessBase"]
[SourceQuality "1"]

{[%evp 11,89,37,49,49,43,8,15,7,10,10,13,0,17,-17,0,0,24,28,55,52,43,21,45,11,20,0,26,22,30,-44,-37,-59,-48,-45,-27,-189,-189,-178,-178,-152,-148,-347,-126,-118,-131,-427,-384,-387,-323,-308,-308,-297,-149,-149,33,20,20,24,18,18,18,18,18,18,18,18,18,18,33,33,33,33,33,33,47,33,60,52,52,4]} 1. d4 Nf6 2. c4 e5 3. dxe5 Ng4 4. Nf3 Bc5 5. e3 Nc6 6. Nc3 O-O $1 {[%mdl 4] is now more promising than 6...Ngxe5.} 7. a3 {A52: Budapest Gambit.} a5 8. b3 Re8 9. Be2 {The position is equal.} Ncxe5 10. Nxe5 Nxe5 11. Bb2 Ra6 12. Nd5 Rd6 {White should prevent ...c6.} 13. Qc2 {[#]} c6 $146 ({Predecessor:} 13... b5 14. f4 bxc4 15. fxe5 Rxd5 16. Bxc4 Rdxe5 17. Bxf7+ Kxf7 18. Qc4+ Kg6 19. Bxe5 Rxe5 {0-1 (33) Rodewis,T (2342)-Lochte,T (2095) Bayern 2017}) 14. Nf4 Qe7 15. Qc3 $1 Bb6 16. b4 (16. Qxe5 {is interesting.} Qxe5 17. Bxe5 Rxe5 18. Nd3 Re8 19. c5) 16... Bc7 17. h4 Rf6 18. h5 (18. bxa5 $2 Rxf4 19. g3 (19. exf4 $2 Bxa5 20. O-O Bxc3 $19) 19... Rf6 $19) 18... d5 19. cxd5 Bg4 {Threatens to win with ...Rxf4!} 20. g3 ({Avoid the trap} 20. bxa5 $2 Rxf4 $1 {[%mdl 512]} 21. d6 (21. exf4 $2 Nd3+ {[%mdl 64] Discovered Attack, Deflection} 22. Qxd3 Bxa5+ 23. Kf1 Bxe2+ 24. Kg1 Bxd3 $19) 21... Qxd6 $19) (20. O-O $11) 20... Nf3+ $15 21. Bxf3 Bxf3 22. Rh4 cxd5 23. h6 $2 (23. Rc1 $11 Bd6 24. Kf1) 23... d4 $1 $19 {[%cal Rd4c3]} 24. Qxd4 Rd8 25. Qc3 {With the idea Ne2.} Qd7 {[%mdl 1024] ( -> ...Qd1+!). Black has strong compensation.} 26. Ne2 $2 {[#]} (26. hxg7 $2 {gets mated.} Qd1+ $3 {[%mdl 512]} 27. Rxd1 Rxd1#) (26. Nd3 $17 {was the only chance.} Be5 27. Rd4 (27. Nxe5 $2 Qd1+ {[%mdl 64] Back Rank} 28. Rxd1 Rxd1#) 27... Bxd4 28. Qxd4 Qxd4 29. Bxd4 Rxh6 30. Kd2) 26... Be5 $1 {[%mdl 512]} 27. Nd4 $17 g5 28. Qc5 $2 {[%mdl 8192] [#]} (28. Rh2 $17) 28... Rf5 $1 {[%mdl 512]} 29. g4 Bxd4 30. Qxd4 Qxd4 31. Bxd4 {[#]} gxh4 ({Black should try} 31... Rxd4 $1 $19 {[%mdl 512]} 32. exd4 gxh4 33. gxf5 h3) 32. gxf5 $19 {[%mdl 4096] Endgame [#] KRB-KRB} Rd5 $2 (32... Rxd4 $1 $17 {[%mdl 512]} 33. exd4 h3 34. bxa5 h2) 33. Rc1 {Intending Rc8+ and mate.} Kf8 34. Bf6 {White wants to mate with Rc8+.} Ke8 {Strongly threatening ...h3.} 35. Rc8+ Kd7 {[%csl Gf3][%cal Rd5d1]} 36. Rd8+ Kc6 37. Rxd5 Kxd5 38. Bxh4 axb4 39. axb4 $11 {KB-KB} Be4 40. Ke2 {White is slightly better.} Bxf5 41. f3 {aiming for e4+.} Bh3 42. e4+ Ke6 43. Ke3 b5 44. f4 f5 45. Kd4 {And White is the lucky defender.  Weighted Error Value: White=0.34/Black=0.25} 1/2-1/2

[Event "2. AUT Bundesliga 2020-21"]
[Site "Graz"]
[Date "2021.04.10"]
[Round "4.8"]
[White "Kristoferitsch, Daniel"]
[Black "Breneis, Lukas"]
[Result "1/2-1/2"]
[WhiteElo "2166"]
[BlackElo "2252"]
[Annotator "TA"]
[PlyCount "194"]
[EventDate "2021.01.17"]
[EventType "team-tourn"]
[EventCountry "AUT"]
[SourceTitle "playchess.com"]
[Source "ChessBase"]
[SourceQuality "1"]

{[%evp 23,194,9,0,-80,-70,-63,-22,-36,-2,-2,-6,-5,-10,-84,-36,-121,-104,-170,-172,-312,-121,-114,-125,-116,-116,-124,-87,-170,-129,-158,-156,-168,-168,-185,-186,-241,-115,-199,-173,-170,-170,-191,-183,-206,-195,-204,-202,-204,-210,-220,-158,-157,-67,-103,-104,-188,-188,-200,-187,-183,-104,-96,-67,-67,-67,-67,-67,-67,-67,-67,-67,-67,-67,-67,-67,-67,-67,-67,-67,-67,-67,-67,-67,-67,-67,-67,-67,-67,-67,-67,-67,-67,-54,-54,-16,-16,-16,-16,-16,-16,0,0,0,0,0,0,0,0,0,0,0,0,0,0,0,0,0,0,0,0,0,0,0,0,0,0,0,0,0,0,0,0,0,0,0,0,0,0,0,0,0,0,0,0,0,0,0,0,0,0,0,0,0,0,0,0,0,0,0,0,0,0,0,0,0,0,0,0,0,0,0,0,0]} 1. e4 Nf6 2. e5 Nd5 3. d4 d6 4. c4 Nb6 5. exd6 cxd6 6. h3 g6 7. Nf3 Bg7 8. Be2 Nc6 9. O-O O-O 10. Nc3 Bf5 11. Be3 d5 12. c5 Nc4 13. b3 {B04: Alekhine's Defence: 4 Nf3.} (13. Bxc4 $11 dxc4 14. Qa4) 13... Nxe3 $17 14. fxe3 {[#]} Be4 $146 ({Predecessor:} 14... e5 15. Bb5 exd4 16. exd4 a6 17. Bxc6 bxc6 18. Re1 Qc7 19. Qd2 Rfe8 20. Re2 Rxe2 21. Qxe2 {0-1 (30) Bodnaruk,A (2428)-Fier,A (2562) chess.com INT 2020}) 15. Qd2 e5 16. dxe5 Nxe5 17. Rad1 Qe7 18. b4 (18. Nxe5 $11 {remains equal.} Bxe5 19. Nxd5 Qxc5 20. Bf3) 18... Rad8 19. Nd4 (19. Nxe5 $15 Bxe5 20. Nxe4 dxe4 21. Qc1) 19... Bh6 20. Rde1 (20. Kh1 $17 {might work better.}) 20... Qg5 $19 {[%csl Ge4][%cal Rg5g2] [#]} 21. Nxe4 (21. Nf3 {was necessary.} Qxe3+ 22. Qxe3 Bxe3+ 23. Kh1 Nxf3 24. Bxf3) 21... Qxe3+ $2 (21... dxe4 $19 22. Kh2 Nd3) 22. Qxe3 $17 Bxe3+ 23. Nf2 {Rd1 is the strong threat.} Bxd4 24. Rd1 Be3 25. g3 (25. Rfe1 $17) 25... a5 26. a3 Nc6 27. Rb1 Nd4 28. Bd1 axb4 29. Rxb4 (29. axb4 $142 Ra8 30. Kg2) 29... Rb8 (29... Nf5 $19 {has better winning chances.} 30. Rb5 Nxg3) 30. a4 (30. Kg2 $17 Ne6 31. Ng4) 30... Ne6 31. Kg2 Bxc5 32. Rb5 b6 33. Nd3 Nd4 34. Rb2 Nf5 {[#] Strongly threatening ...Ne3+.} 35. Re1 Ne3+ 36. Kf3 Nxd1 37. Rxd1 d4 (37... Bd4 $17 38. Rb3 Ra8) 38. Rb5 Be7 39. Rdb1 (39. Nb4 $17) 39... Ra8 $19 40. Ra1 Rfb8 41. Nb4 Bxb4 ({Black should play} 41... Bc5 $19 42. Nd5 d3) 42. Rxb4 {[%mdl 4096] Endgame KRR-KRR} Rd8 43. Rxb6 d3 44. Rb2 d2 45. Rd1 Rd3+ 46. Kf2 Rxa4 {And now ...Raa3 would win.} 47. Rdxd2 Rda3 (47... Rxd2+ {seems wilder.} 48. Rxd2 Kg7 49. h4 Kf6 50. Kf3 h5) 48. Kg2 h5 49. Rf2 Ra7 50. Rf3 Rxf3 (50... Ra2 {looks sharper.} 51. Rff2 R2a4 52. h4 Kh7 53. Rb3 Kg7) 51. Kxf3 $15 {KR-KR} Ra3+ 52. Kg2 Kg7 53. h4 Re3 54. Ra2 Kf6 55. Ra6+ Kf5 56. Ra5+ Re5 57. Ra4 f6 58. Kf3 g5 59. hxg5 {The position is equal.} fxg5 60. Ra2 Rd5 61. Kg2 Ke4 62. Re2+ Kd3 (62... Kd4 {feels hotter.} 63. Re6 Ra5 64. Kh3 Re5 65. Rh6 h4) 63. Re8 g4 64. Re7 Kd2 65. Re8 Kd3 66. Re7 Kd4 67. Kf2 Rf5+ (67... Kc5 {with more complications.} 68. Re4 Rd2+ 69. Ke3 Rd1 70. Re5+ Kb6) 68. Kg2 Re5 (68... Rf3 {is interesting.} 69. Rd7+ Kc5 70. Rc7+ Kd4 71. Rd7+) 69. Rd7+ Ke3 (69... Rd5 {is interesting.} 70. Ra7 Ke3 71. Ra3+ Rd3 72. Ra5 Rd2+) 70. Ra7 Ke4 71. Ra8 Kf5 72. Rf8+ Kg5 73. Rg8+ Kf6 74. Rf8+ Kg7 75. Ra8 Re2+ 76. Kf1 Rb2 77. Ra6 Rd2 78. Kg1 Rd3 79. Kg2 (79. Ra7+ {seems wilder.} Kg6 80. Ra6+ Kf5 81. Kf2 Rf3+ 82. Kg2) 79... Rf3 80. Rb6 Rf6 81. Rb5 Kg6 82. Ra5 Rf5 83. Ra6+ Kg5 84. Ra8 Rc5 85. Rg8+ Kf5 86. Rf8+ Ke4 87. Re8+ Kd4 (87... Kd3 {keeps more tension.} 88. Rd8+ Ke2 89. Re8+ Kd2 90. Rd8+ Kc2) 88. Rd8+ Rd5 (88... Kc3 {is more complex.} 89. Kf2 Rf5+ 90. Kg2 Re5 91. Kf2 Rf5+) 89. Ra8 Kd3 90. Re8 Kc2 91. Rc8+ Kd1 92. Re8 Rd2+ 93. Kf1 Rh2 94. Rd8+ Kc1 95. Rd5 h4 96. gxh4 Rxh4 97. Kg2 g3 {Black had all chances to win.  Weighted Error Value: White=0.22/Black=0.20} 1/2-1/2

[Event "2. AUT Bundesliga 2020-21"]
[Site "Graz"]
[Date "2021.04.10"]
[Round "4.9"]
[White "Meyer, Gordon"]
[Black "Teuschler, Barbara"]
[Result "0-1"]
[WhiteElo "2216"]
[BlackElo "2109"]
[Annotator "NA"]
[PlyCount "96"]
[EventDate "2021.01.17"]
[EventType "team-tourn"]
[EventCountry "AUT"]
[SourceTitle "playchess.com"]
[Source "ChessBase"]
[SourceQuality "1"]
[TimeControl "40/5400+30:1800+30"]

1. Nf3 {[%emt 0:00:00]} d5 {[%emt 0:01:40]} 2. g3 {[%emt 0:00:00]} Nf6 {[%emt 0:00:14]} 3. Bg2 {[%emt 0:00:05]} c6 {[%emt 0:00:15]} 4. O-O {[%emt 0:01:34]} Bg4 {[%emt 0:01:39]} 5. c4 {[%emt 0:05:50]} e6 {[%emt 0:00:53]} 6. b3 {[%emt 0:02:26]} Nbd7 {[%emt 0:00:44]} 7. Bb2 {[%emt 0:00:43]} Be7 {[%emt 0:07:25]} 8. d3 {[%emt 0:01:29]} O-O {[%emt 0:03:08]} 9. Nbd2 {[%emt 0:00:51]} a5 {[%emt 0:02:44]} 10. cxd5 {[%emt 0:03:04]} exd5 {[%emt 0:00:50]} 11. Nd4 {[%emt 0:02:52]} Nc5 {[%emt 0:02:23]} 12. h3 {[%emt 0:02:33]} Bd7 {[%emt 0:06:07]} 13. Rc1 {[%emt 0:08:02]} Re8 {[%emt 0:11:11]} 14. Qc2 {[%emt 0:03:05]} Qb6 {[%emt 0:02:50]} 15. a3 {[%emt 0:23:09]} Bd6 {[%emt 0:04:47]} 16. Rfe1 {[%emt 0:01:48]} Rad8 {[%emt 0:10:56]} 17. e4 {[%emt 0:07:57]} dxe4 {[%emt 0:03:48]} 18. dxe4 {[%emt 0:00:45]} Qa7 {[%emt 0:11:03]} 19. e5 {[%emt 0:03:50]} Bxe5 {[%emt 0:10:00]} 20. Qxc5 {[%emt 0:00:36]} Qxc5 {[%emt 0:00:03]} 21. Rxc5 {[%emt 0:00:07]} Bxd4 {[%emt 0:00:02]} 22. Rxe8+ {[%emt 0:00:09]} Bxe8 {[%emt 0:00:01]} 23. Bxd4 {[%emt 0:03:49]} Rxd4 {[%emt 0:00:03]} 24. Rc2 {[%emt 0:05:08]} a4 {[%emt 0:05:14]} 25. bxa4 {[%emt 0:00:47]} Rxa4 {[%emt 0:00:09]} 26. Rc3 {[%emt 0:00:07]} Kf8 {[%emt 0:01:07]} 27. Kf1 {[%emt 0:03:23]} Bd7 {[%emt 0:00:48]} 28. Nc4 {[%emt 0:03:30]} Be6 {[%emt 0:03:25]} 29. Ne5 {[%emt 0:03:51]} Ke7 {[%emt 0:01:53]} 30. Ke1 {[%emt 0:00:16]} Bd5 {[%emt 0:01:48]} 31. f3 {[%emt 0:00:49]} Nd7 {[%emt 0:00:43]} 32. Nd3 {[%emt 0:00:42]} Rc4 {[%emt 0:01:13]} 33. Kd2 {[%emt 0:02:31]} Rxc3 {[%emt 0:00:47]} 34. Kxc3 {[%emt 0:00:05]} g5 {[%emt 0:01:47]} 35. Nb4 {[%emt 0:01:11]} Be6 {[%emt 0:00:15]} 36. f4 {[%emt 0:00:34]} f6 {[%emt 0:02:19]} 37. fxg5 {[%emt 0:03:07]} fxg5 {[%emt 0:00:06]} 38. a4 {[%emt 0:03:17]} Nb6 {[%emt 0:02:10]} 39. a5 {[%emt 0:00:10]} Nd5+ {[%emt 0:00:15]} 40. Nxd5+ {[%emt 0:00:00]} Bxd5 {[%emt 0:00:00]} 41. Bf1 {[%emt 0:04:54]} Kd6 {[%emt 0:10:09]} 42. a6 {[%emt 0:02:22]} bxa6 {[%emt 0:00:36]} 43. Bxa6 {[%emt 0:00:11]} Ke5 {[%emt 0:01:16]} 44. Kd3 {[%emt 0:05:07]} Bg2 {[%emt 0:01:21]} 45. Bb7 {[%emt 0:00:05]} Kd6 {[%emt 0:01:33]} 46. h4 {[%emt 0:00:14]} Kc7 {[%emt 0:00:05]} 47. Ba8 {[%emt 0:02:26]} gxh4 {[%emt 0:02:49]} 48. gxh4 {[%emt 0:00:12]} Kb8 {[%emt 0:00:01]} 0-1

[Event "2. AUT Bundesliga 2020-21"]
[Site "Graz"]
[Date "2021.04.10"]
[Round "4.10"]
[White "Birk, Steffen"]
[Black "Wiesinger, Robert"]
[Result "1-0"]
[WhiteElo "2186"]
[BlackElo "2239"]
[Annotator "NA"]
[PlyCount "76"]
[EventDate "2021.01.17"]
[EventType "team-tourn"]
[EventCountry "AUT"]
[SourceTitle "playchess.com"]
[Source "ChessBase"]
[SourceQuality "1"]
[TimeControl "40/5400+30:1800+30"]

1. e4 {[%emt 0:00:00]} e5 {[%emt 0:00:00]} 2. Nf3 {[%emt 0:00:00]} Nc6 {[%emt 0:00:00]} 3. Nc3 {[%emt 0:00:00]} Nf6 {[%emt 0:00:00]} 4. Bb5 {[%emt 0:00:13]} Bb4 {[%emt 0:00:41]} 5. O-O {[%emt 0:00:26]} O-O {[%emt 0:00:30]} 6. Bxc6 {[%emt 0:00:39]} dxc6 {[%emt 0:15:55]} 7. d3 {[%emt 0:00:20]} Bd6 {[%emt 0:07:02]} 8. Ne2 {[%emt 0:12:50]} c5 {[%emt 0:00:48]} 9. Ng3 {[%emt 0:01:18]} Re8 {[%emt 0:06:26]} 10. h3 {[%emt 0:04:44]} Nd7 {[%emt 0:02:13]} 11. Bg5 {[%emt 0:21:31]} f6 {[%emt 0:01:28]} 12. Be3 {[%emt 0:00:09]} Nf8 $11 {[%emt 0:05:00]} 13. Nd2 {[%emt 0:02:40]} Ne6 {[%emt 0:08:39]} 14. Nc4 {[%emt 0:09:04]} b6 {[%emt 0:07:06]} 15. c3 {[%emt 0:08:38]} Bf8 {[%emt 0:07:02]} 16. Qb3 {[%emt 0:12:49]} Kh8 {[%emt 0:06:06]} 17. Rad1 {[%emt 0:00:58]} a5 {[%emt 0:07:07]} 18. a4 {[%emt 0:00:19]} Ba6 {[%emt 0:01:40]} 19. Qc2 {[%emt 0:04:57]} Qd7 {[%emt 0:01:55]} 20. b3 {[%emt 0:00:16]} Rad8 {[%emt 0:01:05]} 21. Nf5 {[%emt 0:02:40]} g6 {[%emt 0:02:38]} 22. Ng3 {[%emt 0:02:04]} Qe7 {[%emt 0:06:40]} 23. Qc1 {[%emt 0:09:48]} Rd7 {[%emt 0:01:06]} 24. f4 {[%emt 0:00:33]} exf4 {[%emt 0:03:10]} 25. Bxf4 {[%emt 0:00:05]} Red8 {[%emt 0:00:46]} 26. Rf3 {[%emt 0:01:31]} Bg7 {[%emt 0:02:30]} 27. Bh6 {[%emt 0:01:03]} Bxh6 {[%emt 0:01:31]} 28. Qxh6 {[%emt 0:00:02]} Ng5 {[%emt 0:00:37]} 29. Re3 {[%emt 0:00:55]} Nf7 {[%emt 0:00:32]} 30. Qf4 {[%emt 0:00:27]} Bxc4 {[%emt 0:00:24]} 31. bxc4 {[%emt 0:00:05]} Ne5 {[%emt 0:00:38]} 32. Rf1 {[%emt 0:01:05]} Rxd3 {[%emt 0:01:00]} 33. Rxd3 {[%emt 0:00:42]} Rxd3 {[%emt 0:00:02]} 34. h4 {[%emt 0:00:30]} Nxc4 35. h5 {[%emt 0:02:00]} Qe5 {[%emt 0:04:09]} 36. Qh6 {[%emt 0:00:09]} Qe7 {[%emt 0:00:42]} 37. Kh2 {[%emt 0:02:09]} Ne3 {[%emt 0:00:43]} 38. Rf4 {[%emt 0:00:30]} Rd6 {[%emt 0:01:09]} 1-0